000 00545nam a22001937a 4500
003 CEME
005 20210628204020.0
008 210126b xxu||||| |||| 00| 0 eng d
020 _a1-58053-500-3
040 _c.
082 _a621.382 ANT
100 _aAnttalainen, Tarmo
_968261
245 _aIntroduction to telecommunications network engineering
250 _a2ND
260 _aBOSTON
_bARTECH HOUSE
_c2003
300 _aXIX,377P
650 _aTELECOMMUNICATION SYSTEMS.TELECOMMUNICATIONS NETWORK ENGINEERING
_968262
942 _cBK
_2ddc
999 _c575870
_d575870